01449nam a22002777a 450000500170000000800410001702000180005804000210007604100080009708200160010510000330012124500970015425000120025126000340026330000100029765000300030770000280033770000320036594200120039799900170040995201490042695201490057595201490072495201490087395201490102220260312104700.0260312b |||||||| |||| 00| 0 eng d a9789347492723 aIN-DiNCcIN-DiNC dasm a307.72bBOR aBora, Birinchi Kumareauthor aGramya samajtattwa (Major16)/cby Birinchi Kumar Bora, Priyanka Gayan and Prajna Devi Bhuyan a1st ed. aJorhat:bBidya bhawan,c2026. a232p. aRural sociology (Major16) aGayan, Priyankaeauthor aBhuyan, Prajna Devieauthor 2ddccBK c12320d12320 00102ddc40708SOCIaMAINbMAINcGENd2026-03-12g240.00l1o307.72 BORp31173q2026-05-30r2026-05-12 05:48:08s2026-05-12t1w2026-03-12yBK 00102ddc40708SOCIaMAINbMAINcGENd2026-03-12g240.00l1o307.72 BORp31174q2026-04-01r2026-03-13 06:51:00s2026-03-13t2w2026-03-12yBK 00102ddc40708SOCIaMAINbMAINcGENd2026-03-12g240.00l1o307.72 BORp31175q2026-04-01r2026-03-13 07:39:41s2026-03-13t3w2026-03-12yBK 00102ddc40708SOCIaMAINbMAINcGENd2026-03-12g240.00l2o307.72 BORp31176q2026-04-07r2026-03-18 07:32:53s2026-03-18t4w2026-03-12yBK 00102ddc40708SOCIaMAINbMAINcGENd2026-03-12g240.00l1o307.72 BORp31177q2026-04-01r2026-03-13 06:50:17s2026-03-13t5w2026-03-12yBK